Online
Catalog

Arribo de la luz / (Record no. 33162)

MARC details
000 -CABECERA
campo de control de longitud fija 00591nam a2200205 a 4500
001 - NÚMERO DE CONTROL
campo de control 000033671
003 - IDENTIFICADOR DEL NÚMERO DE CONTROL
campo de control OSt
005 - FECHA Y HORA DE LA ÚLTIMA TRANSACCIÓN
campo de control 20210628225112.0
008 - DATOS DE LONGITUD FIJA--INFORMACIÓN GENERAL
campo de control de longitud fija 110905s1965 dr 000 0 spa d
040 ## - FUENTE DE LA CATALOGACIÓN
Centro catalogador/agencia de origen DO-SdBNP
Lengua de catalogación spa
Centro/agencia transcriptor BNPHU
082 #4 - NÚMERO DE LA CLASIFICACIÓN DECIMAL DEWEY
Número de clasificación RD861.44
Número de documento/Ítem A388a
100 1# - ENTRADA PRINCIPAL--NOMBRE DE PERSONA
Nombre de persona Alfonseca, Miguel
9 (RLIN) 27782
245 10 - MENCIÓN DE TÍTULO
Título Arribo de la luz /
Mención de responsabilidad, etc. Miguel Alfonseca.
260 ## - PUBLICACIÓN, DISTRIBUCIÓN, ETC.
Lugar de publicación, distribución, etc. Santo Domingo :
Nombre del editor, distribuidor, etc. UASD,
Fecha de publicación, distribución, etc. 1965.
300 ## - DESCRIPCIÓN FÍSICA
Extensión 48 p. ;
Dimensiones 23 cm.
590 ## - NOTA LOCAL (RLIN)
Nota local Inventariado, 2019/VM
710 ## - PUNTO DE ACCESO ADICIONAL--NOMBRE DE ENTIDAD CORPORATIVA
Nombre de entidad corporativa o nombre de jurisdicción como elemento de entrada Universidad Autónoma de Santo Domingo
9 (RLIN) 76692
910 ## - DATOS DE OPCIÓN DEL USUARIO (OCLC)
Datos de opción del usuario Validado. Control de calidad/MFF
942 ## - ELEMENTOS DE PUNTO DE ACCESO ADICIONAL (KOHA)
Fuente del sistema de clasificación o colocación Dewey Decimal Classification
Tipo de ítem Koha Libros y folletos
Holdings
Estado de retiro Estado de pérdida Fuente del sistema de clasificación o colocación Restricciones de uso No para préstamo Código de colección Localización permanente Ubicación/localización actual Fecha de adquisición Número de inventario Total de préstamos Signatura topográfica completa Código de barras Fecha visto por última vez Precio válido a partir de Tipo de ítem Koha Nota pública Número de copia
    Dewey Decimal Classification   Excluido de préstamo Raros y valiosos Patrimonio Dominicano Patrimonio Dominicano 05.09.2011 LF1   RD861.44 A388a 33671-10 25.06.2020 25.06.2020 No se presta Perterneció a la biblioteca personal de Carlos Larrazabal Blanco.  
    Dewey Decimal Classification   Excluido de préstamo Raros y valiosos Patrimonio Dominicano Patrimonio Dominicano 05.09.2011 LF1   RD861.44 A388a 33671-20 25.06.2020 25.06.2020 No se presta Perteneció a la biblioteca personal de Aída Cartagena Portalatín. e.2

Powered by Koha